000 01199cab a22002775a 4500
001 L144119
008 080619e20080301xxkad f s 000 0 eng d
035 _a(Sirsi) u144119
041 0 _aeng
100 1 _aMeadwell, Stacey
245 0 0 _aFocus supplement
_bLondon
260 _c2008
490 0 _aEstates Gazette
_v(0808) 1 March 2008 (Supplement)
520 _aLooks at how the market will perform in 2008. Profiles Boris Johnson, including his views of the commercial property market. Reports that London has not much to learn from Beijing's Olympic preparations. Considers Westminster Councils' streamlined planning process and asks if it will hinder regeneration in the borough. Considers how developers will respond to rising building costs. Looks at the impact of the credit crunch on the London investment market, Midtown and smaller city bonuses.
590 _aKA
651 4 _aLondon
690 _aPROPERTY-COMMERCIAL PROPERTY-COMMERCIAL PROPERTY MARKET
700 1 _aNorman, Paul
700 1 _aLazarus, Darren
700 1 _aNeale, Jon
700 1 _aAlexander, Mark
700 1 _aElghamry, Nadia
700 1 _aCunningham, Daniel
700 1 _aThame, David
942 _n0
999 _c80353
_d80353